01266nam0a22002051 4500001001100000005001700011021001900028035002600047100004100073101000800114102000700122105001800129200051100147210005700658215002800715710025200743801001800995801002201013852002501035rc\419502420250611011630.0 aRUb[49-22447] a(NLR Aleph) 008005277 a20130415d1949 |||y0rusy50 ca0 arus aRU ac z |||||1 aXVI (3-я Объединенная) сессия Украинского психоневрологического института и Института психиатрии Министерства здравоохранения СССР, посвященная 100-летию со дня рождения великого русского ученого И.П. Павлова. 11-13 е июня 1949 г.fМ-во здравоохранения СССР. М-во здравоохранения УССР aХарьковcтип. "Мистецтво"d[1949] a30 с.cпортр.d2002aУкраинский научно-исследовательский психоневрологический институт им. В. П. ПротопоповаbНаучная сессияcХарьковd16f19493RU\NLR\AUTH\880518474 0aRUbNLRgpsbo 1aRUbELAR2rusmarc aNLRjАф02 Г-4/117